| 000 | 01321nam a2200337 i 4500 | ||
|---|---|---|---|
| 003 | EG-GICUC | ||
| 005 | 20260128220148.0 | ||
| 008 | 260128s2012 ua ||||fr|||| 00| 0 ara d | ||
| 017 | _a2012/4971 | ||
| 020 | _a977-222-347-3 | ||
| 040 |
_a EG-GICUC _bara _c EG-GICUC _d EG-GICUC _erda |
||
| 041 | 0 | _aara | |
| 082 | 0 | 4 |
_221 _a345.746 _bه ش . ع |
| 092 | 0 | 4 | _221 |
| 099 | _aLaw1 08 345.746 ه ش . ع 2012 | ||
| 100 | 0 |
_aهشام عبد المنعم عكاشة _eمؤلف. |
|
| 245 | 1 | 0 |
_aعقد مشاركة القطاع الخاص : _bفي مشروعات البنية الأساسية و الخدمات و المرافق العامة / _cدكتور هشام عبد المنعم عكاشة . |
| 264 | 1 |
_aالقاهرة : _bدار الثقافة العربية، _c2012. |
|
| 300 |
_a210 ؛ صفحة _c24 سم. |
||
| 336 |
_2rda content _atext |
||
| 337 |
_2rda media _aComputer |
||
| 338 |
_2rda carrier _aOnline Resource |
||
| 504 | _aصفحات بدون ترقيم | ||
| 504 | _aيشتمل على إرجاعات ببليوجرافية | ||
| 546 | _aالنص باللغة العربية | ||
| 650 | 1 | 4 | _aالعقد الإداري الالكتروني |
| 650 | 1 | 4 | _aالقانون الإداري |
| 856 | 4 | 0 | _uhttps://fll.law.cu.edu.eg/fulltext/bks/B07-02746.pdf |
| 905 | _a77 | ||
| 942 |
_2ddc _cBK _e21 _n0 |
||
| 999 |
_c60008 _d60008 |
||